Statistiques concernant Races de chiens suisses

Cliquez ici pour prendre le quiz!

Statistiques générales

  • Ce quiz a été pris 5 fois
  • Le résultat moyen est 3 sur 16

Statistiques - réponses

Réponse% Correct
Bouvier Bernois
100%
Berger Blanc Suisse
60%
Saint-Bernard
60%
Bouvier Appenzellois
40%
Grand Bouvier Suisse
40%
Bouvier de l'Entlebuch
0%
Bruno du Jura
0%
Bulldog continental
0%
Chien Courant Bernois
0%
Chien Courant de Schwyz
0%
Chien Courant Lucernois
0%
Landseer
0%
Petit Chien Courant Bernois
0%
Petit Chien Courant de Schwyz
0%
Petit Chien Courant du Jura
0%
Petit Chien Courant Lucernois
0%

Distribution des résultats

Percentile par nombre de réponses

% des personnes avec chaque résultat

Votre développement - résultats

Vous n’avez pas pris ce quiz